000 00278nam a2200121Ia 4500
005 20251222155142.0
008 251222s9999||||xx |||||||||||||| ||spa||
082 _aDIC.33
245 0 _aMedicina y salud guia práctica
250 _a1ra. ed.
264 _bCírculo
942 _cLIB
999 _c39211
_d39211